APEC Schools

Grammar and composition handbook grade 9 / (Record no. 131)

000 -LEADER
fixed length control field nam a22 7a 4500
005 - DATE AND TIME OF LATEST TRANSACTION
control field 20180928064814.0
008 - FIXED-LENGTH DATA ELEMENTS--GENERAL INFORMATION
fixed length control field 170908b xxu||||| |||| 00| 0 eng d
020 ## - IDENTIFIER FOR THE MANIFESTATION
Identifier for the Manifestation 9781308583693
Binding paperback
040 ## - CATALOGING SOURCE
Language of Cataloging eng
Transcribing Agency APEC Schools Library
Description Conventions rda
082 ## - DEWEY DECIMAL CLASSIFICATION NUMBER
Classification number C 415
Author's Number G762n 2016
245 1# - TITLE AND STATEMENT OF RESPONSIBILITY
Preferred Title Proper Grammar and composition handbook grade 9 /
264 ## - PUBLICATION STATEMENT
Place of publication, distribution, etc [Place of Publication not Identified] :
Publisher's Name/Parallel Publisher's Name McGraw-Hill Education ,
Copyright ©2016.
Date of Publication [2016].
300 ## - PHYSICAL DESCRIPTION
Extent iv, 422 pages ;
Dimensions 23 cm
336 ## - RDA CONTENT
Source rdacontent
Content Type text
337 ## - RDA MEDIA
Source rdamedia
Media Type unmediated
338 ## - RDA CARRIER
Source rdacarrier
Carrier Type volume
650 ## - ADDED SUBJECT ACCESS POINT - TOPICAL TERM
Topical Term Engish language
General Subdivision Grammar
650 ## - ADDED SUBJECT ACCESS POINT - TOPICAL TERM
Topical Term English language
General Subdivision Composition and exercises
942 ## - ADDED ENTRY ELEMENTS (KOHA)
Source of Classification
Koha Item Type Books
Holdings
Library Site Location Shelving Location Source of Acquisition Full Classification Number Accession Number Koha Item Type
APEC España Library APEC España Library Circulation Institutional Fund C 415 G762n 2016 B11-0000028 Non Fiction
APEC Roxas Boulevard Library APEC Roxas Boulevard Library Circulation Institutional Fund C 415 G762n 2016 B06-0000020 Non Fiction
APEC Silangan, Pateros Library APEC Silangan, Pateros Library Circulation Institutional Fund C 415 G762n 2016 B07-0000025 Non Fiction
APEC Taytay Library APEC Taytay Library Circulation Institutional Fund C 415 G762n 2016 B08-0000069 Non Fiction
APEC Tondo Library APEC Tondo Library Circulation Institutional Fund C 415 G762n 2016 B10-0000024 Non Fiction
APEC V. Luna Library APEC V. Luna Library Circulation Institutional Fund C 415 G762n 2016 A01-0000034 Non Fiction

Powered by Koha